MARC details
| 000 -CABECERA |
| campo de control de longitud fija |
02958nab a2200277 a 4500 |
| 005 - FECHA Y HORA DE LA ÚLTIMA TRANSACCIÓN |
| campo de control |
20250228094536.0 |
| 008 - ELEMENTOS DE LONGITUD FIJA--INFORMACIÓN GENERAL |
| campo de control de longitud fija |
991125c2017 sp fr p o 000 0 spa d |
| 035 ## - NÚMERO DE CONTROL DEL SISTEMA |
| Número de control de sistema |
UPN01000221027 |
| 040 ## - FUENTE DE LA CATALOGACIÓN |
| Centro catalogador/agencia de origen |
UPN |
| Lengua de catalogación |
spa |
| Centro/agencia transcriptor |
UPN |
| Normas de descripción |
aacr2 |
| 049 ## - COLECCIÓN |
| Colección |
ART-E |
| 100 1# - ASIENTO PRINCIPAL--NOMBRE PERSONAL |
| Nombre de persona |
Alcaraz Ibáñez, Manuel |
| Enlace |
- manuelalcaraz74@gmail.com |
| 245 10 - MENCIÓN DE TÍTULO |
| Título |
Comparación social de la apariencia en contextos de ejercicio físico como variable predictora de los trastornos de la conducta alimentaria en adolescentes de ambos sexos |
| Medio |
[recurso electrónico en línea] |
| 506 0# - NOTA DE RESTRICCIONES AL ACCESO |
| Limitaciones de acceso |
Acceso abierto |
| 520 3# - NOTA DE RESUMEN, ETC. |
| Sumario, etc. |
El objetivo de este estudio fue investigar la influencia de la comparación de la apariencia realizada en contextos de práctica de ejercicio físico sobre el riesgo de presencia de trastornos de la conducta alimentaria en población adolescente, considerando a su vez el posible papel moderador de diversas variables previamente asociadas con dicho desorden. Un total de 236 escolares (117 chicos y 119 chicas; Medad = 13.78, DT = 1.15) tomaron parte en el estudio. Aplicando una técnica de bootstrapping, se realizaron diversos análisis de regresión y moderación empleando el macro PROCESS para SPSS. Los resultados mostraron que, tras controlar los efectos del sexo, la edad, el índice de masa corporal, y la insatisfacción corporal, la comparación de la apariencia realizada al practicar ejercicio físico se asociaba de forma positiva y estadísticamente significativa con la presencia de síntomas propios de los trastornos de la conducta alimentaria tanto en chicos como en chicas. Los resultados del análisis de moderación mostraron que la percepción de insatisfacción corporal intensificaba dicha relación, contribuyendo de forma estadísticamente significativa a explicar un 4% adicional de varianza en el modelo. Las evidencias obtenidas sugieren que la comparación de la apariencia realizada en contextos de práctica de ejercicio físico es un elemento que debería ser considerado a la hora de diseñar programas destinados a la prevención de la aparición de trastornos de la conducta alimentaria en población adolescente de ambos sexos. A la luz de estos resultados, tanto profesores de Educación Física como monitores y entrenadores deportivos que trabajen con población adolescente deberían tratar de evitar en su práctica profesional situaciones que pudiesen promover o facilitar la comparación de la apariencia física por parte de sus pupilos. |
| 650 #0 - ASIENTO SECUNDARIO DE MATERIA - TERMINO TEMATICO |
| 9 (RLIN) |
1014 |
| Término de materia o nombre geográfico como elemento de entrada |
Adolescentes |
| 650 #2 - ASIENTO SECUNDARIO DE MATERIA - TERMINO TEMATICO |
| 9 (RLIN) |
14845 |
| Término de materia o nombre geográfico como elemento de entrada |
Ejercicios físicos |
| 650 #4 - ASIENTO SECUNDARIO DE MATERIA - TERMINO TEMATICO |
| Término de materia o nombre geográfico como elemento de entrada |
Educación física |
| 9 (RLIN) |
12884 |
| 650 #2 - ASIENTO SECUNDARIO DE MATERIA - TERMINO TEMATICO |
| 9 (RLIN) |
16441 |
| Término de materia o nombre geográfico como elemento de entrada |
Imagen corporal |
| 653 0# - TERMINO DE INDIZACION - NO CONTROLADO |
| Término no controlado |
Trastornos de la conducta alimentaria |
| 653 0# - TERMINO DE INDIZACION - NO CONTROLADO |
| Término no controlado |
Comparación social |
| 773 ## - ENLACE AL DOCUMENTO FUENTE/ENTRADA DE REGISTRO ANFITRIÓN |
| Parte(s) relacionada(s) |
Vol. 10, no. 21 (2017), p. 80-89 |
| Título |
Espiral. Cuadernos del profesorado |
| Número Internacional Normalizado para Publicaciones Seriadas |
1988-7701 |
| 856 4# - LOCALIZACIÓN Y ACCESO ELECTRÓNICOS |
| Identificador Uniforme del Recurso |
<a href="https://ojs.ual.es/ojs/index.php/ESPIRAL/article/view/1031">https://ojs.ual.es/ojs/index.php/ESPIRAL/article/view/1031</a> |
| 902 ## - ELEMENTOS DE DATOS B LOCAL, LDB (RLIN) |
| Creó |
Gloria Jiménez/0624 |
| 905 ## - TIPO DE MATERIAL |
| Tipo de material |
Articulo |
| 942 ## - ELEMENTOS DE PUNTO DE ACCESO ADICIONAL (KOHA) |
| Tipo de ítem Koha |
Artículo Electrónico |